Advertising Slogans 'Babelfished' Quiz Stats

 Plays Quiz not verified by Sporcle

Score 0/15 Timer 05:00
0 Plays Today
'Babelfished' Slogan Slogan or Product % Correct
See, what can make Brown for youSee what brown can do for you (UPS)
73.8%
So simply a man of the caves can make itSo simple a caveman can do it (Geico)
67.9%
Or all what you can beBe all you can be (US Army)
51%
We may see smiling to himWe like to see you smile (McDonalds)
38.6%
Let its fingers go letLet your fingers do the walking (yellow Pages)
36.9%
It's by all parts that you want to be It's everywhere you want to be (American Express)
35.2%
It has its kindHave it your way (Burger King)
34.1%
Insects of the dead massacres Kills Bugs Dead (Raid)
27.3%
'Babelfished' Slogan Slogan or Product % Correct
A spirit is one terrible thing which can be lost A mind is a terrible thing to waste (United Negro College Fund)
25.6%
It is, which is authenticIt's the real thing (Coca-Cola)
21.1%
The master lunchBreakfast of Champions (Wheaties)
17.2%
Stolen of a resistant man, in order to return a tender cockerelIt takes a tough man to make a tender chicken (Perdue)
13%
Well at the past decreaseGood to the last drop (Maxwell House)
12.7%
Downward in agricultural enterpriseDown on the farm (Bob Evans)
10.7%
It waives, and it is separateIt lifts and separates (Playtex Cross Your Heart Bra)
5.1%

You're not logged in!

Compare scores with friends on all Sporcle quizzes.
OR
Log In

Show Comments

Extras

Top Quizzes Today


Score Distribution

Your Account Isn't Verified!

In order to create a playlist on Sporcle, you need to verify the email address you used during registration. Go to your Sporcle Settings to finish the process.

Report this User

Report this user for behavior that violates our Community Guidelines.

Details: